Rumble Stars - Statistics

General Stats
  • This quiz has been taken 24 times
  • The average score is 23 of 54
Answer Stats
Energy Cost Rumbler % Correct
1 Explosive Chick
79%
1 Melon
74%
6 Fast Monkey
68%
3 Lazy Panda
68%
5 Striker Tiger
68%
4 Bomba
63%
5 Croco
63%
2 Loyal Dog
63%
4 Sniper Wolf
63%
5 Bomber Hen
58%
3 Mr. Fire
58%
5 Cannonman
53%
3 Ice Boy
53%
3 Lovely Shiba
53%
3 Magnetman
53%
4 Bouncer Bear
47%
2 Camper Koala
47%
4 Dozy Owl
47%
3 Froggy
47%
7 Hipdozer
47%
5 Mammoth
47%
4 Spy Chameleon
47%
6 Stinky Skunk
47%
6 Stomparoo
47%
5 Enchanting Unicorn
42%
3 Hamster Trio
42%
3 Lover
42%
3 Mr. Bigshot
42%
4 Raging Bull
42%
5 Reckless Hog
42%
7 Rex
42%
4 Sly Fox
42%
6 Cheetah
37%
5 Crazy Cat
37%
2 Mr. Mine
37%
4 Blast Sheep
32%
4 Boom Rocket
32%
3 Dashing Deer
32%
2 Fake Ball
32%
3 General Molotov
32%
3 Heavy Rat
32%
2 Mighty Mole
32%
2 Royal Dung
32%
4 Starving Shark
32%
3 Tiny Tanuki
32%
6 Energy Pump
26%
3 Friendly Seal
26%
5 Skeleton Dinos
26%
2 Turtle Spinner
26%
4 Leeches
21%
4 Acrobatic Beaver
16%
2 Bouncy Board
16%
2 Fan
16%
4 Sticky Puffer
16%
No matching quizzes found
Score Distribution
Percent of People with Each Score
Percentile by Number Answered
Your Score History
You have not taken this quiz